[Event "Unive Open"]
[Site "Hoogeveen NED"]
[Date "2010.10.29"]
[Round "8"]
[White "Dolgova, Olga"]
[Black "Stavast, Dick"]
[Result "0-1"]
[WhiteTitle "WIM"]
[WhiteElo "2262"]
[BlackElo "2048"]
[WhiteFideId "4158296"]
[BlackFideId "1014005"]
[EventDate "2010.10.22"]

1. d4 d6 2. Nf3 f5 3. g3 Nf6 4. Bg2 g6 5. O-O Bg7 6. c4 O-O 7. Nc3 c6 8. Rb1 a5
9. Qb3 Na6 10. Rd1 h6 11. c5+ Kh7 12. cxd6 exd6 13. d5 Nc5 14. Qa3 b5 15. b4
axb4 16. Qxa8 bxc3 17. Nd4 Nfe4 18. Nc2 f4 19. Bxf4 Nxf2 20. Kxf2 g5 21. dxc6
gxf4 22. Kg1 Qb6 23. Kh1 Ba6 24. Qxf8 Bxf8 25. gxf4 Bc8 26. Rd4 Ne6 27. Rdb4 Qf2
28. Rf1 Qxe2 29. Re1 Qh5 30. f5 Ng5 31. Rf4 d5 32. Bxd5 Bd6 33. Rf2 Bxf5 34. Nd4
Bc8 35. Nxb5 Bc5 36. Rfe2 Nf3 37. Be4+ Kh8 38. Rd1 Nd2 39. Rexd2 cxd2 40. Rxd2
Qg5 41. Rd1 Qe3 42. Bg2 Bh3 43. Bd5 Qe2 44. Nc3 Qe3 45. Nb1 Bf5 46. Nd2 Bd6 0-1

[Event "Unive Open"]
[Site "Hoogeveen NED"]
[Date "2010.10.29"]
[Round "8"]
[White "Bezemer, Arno"]
[Black "Vroombout, Enrico"]
[Result "1-0"]
[WhiteTitle "FM"]
[WhiteElo "2318"]
[BlackElo "2147"]
[WhiteFideId "1001396"]
[BlackFideId "1008730"]
[EventDate "2010.10.22"]

1. e4 d6 2. d4 Nf6 3. Nc3 g6 4. Bg5 Bg7 5. Qd2 h6 6. Bh4 g5 7. Bg3 Nh5 8. O-O-O
Nc6 9. Bb5 Bd7 10. Nge2 a6 11. Bxc6 bxc6 12. f3 Nxg3 13. Nxg3 c5 14. dxc5 Rb8
15. h4 Rg8 16. hxg5 Be5 17. f4 Bxc3 18. Qxc3 hxg5 19. Qg7 1-0

[Event "Unive Open"]
[Site "Hoogeveen NED"]
[Date "2010.10.29"]
[Round "8"]
[White "Afek, Yochanan"]
[Black "Hendriks, Richard"]
[Result "1-0"]
[WhiteTitle "IM"]
[WhiteElo "2269"]
[BlackElo "2110"]
[WhiteFideId "2800462"]
[BlackFideId "1006096"]
[EventDate "2010.10.22"]

1. Nf3 Nc6 2. c4 e5 3. Nc3 Nf6 4. g3 Bb4 5. Bg2 Bxc3 6. dxc3 h6 7. O-O d6 8. Qc2
Be6 9. b3 O-O 10. h3 Nh7 11. e4 f5 12. exf5 Bxf5 13. Qe2 Qf6 14. Nh4 Bd7 15. f4
exf4 16. Rxf4 Qxc3 17. Bd5+ Kh8 18. Ng6# 1-0

[Event "Unive Open"]
[Site "Hoogeveen NED"]
[Date "2010.10.29"]
[Round "8"]
[White "Overeem, Marc"]
[Black "Van Der Veen, Jan"]
[Result "1/2-1/2"]
[WhiteTitle "FM"]
[WhiteElo "2224"]
[BlackElo "2131"]
[WhiteFideId "1004972"]
[BlackFideId "1005570"]
[EventDate "2010.10.22"]

1. c4 Nf6 2. Nc3 d6 3. d4 e5 4. Nf3 Nbd7 5. e4 g6 6. Be2 Bg7 7. O-O O-O 8. Be3
c6 9. d5 c5 10. Ne1 h6 11. Qd2 Kh7 12. Nd3 Ng8 13. Nb5 Qe7 14. a3 a6 15. Nc3 f5
16. exf5 gxf5 17. f4 e4 18. Nf2 Ngf6 19. b4 b6 20. bxc5 bxc5 21. Rab1 Rg8 22.
Kh1 Kh8 23. Rb3 Nf8 24. Rfb1 h5 25. h3 Bh6 26. Bf1 Ng6 27. Rb8 Ra7 28. Ne2 1/2-1/2

[Event "Unive Open"]
[Site "Hoogeveen NED"]
[Date "2010.10.29"]
[Round "8"]
[White "Zuiderweg, Edwin"]
[Black "Lommers, Frank"]
[Result "1/2-1/2"]
[WhiteElo "2044"]
[BlackElo "2191"]
[WhiteFideId "1012207"]
[BlackFideId "1010107"]
[EventDate "2010.10.22"]

1. d4 d5 2. Nf3 Nf6 3. e3 Bg4 4. Be2 e6 5. b3 Nbd7 6. Bb2 Be7 7. Nbd2 O-O 8. O-O
c5 9. Ne5 Nxe5 10. dxe5 Bxe2 11. Qxe2 Nd7 12. c4 Qc7 13. f4 Nb6 14. cxd5 exd5 1/2-1/2

[Event "Unive Open"]
[Site "Hoogeveen NED"]
[Date "2010.10.29"]
[Round "8"]
[White "Van Geffen, Ben"]
[Black "Van Foreest, Jorden"]
[Result "0-1"]
[WhiteElo "2171"]
[BlackElo "1954"]
[WhiteFideId "1009370"]
[BlackFideId "1039784"]
[EventDate "2010.10.22"]

1. e4 c6 2. d4 d5 3. Nd2 dxe4 4. Nxe4 Bf5 5. Ng3 Bg6 6. h4 h6 7. Nf3 Nd7 8. h5
Bh7 9. Bd3 Bxd3 10. Qxd3 e6 11. Bd2 Ngf6 12. O-O-O Be7 13. Qe2 O-O 14. Kb1 Qc7
15. c4 Rfe8 16. Ne5 c5 17. Bc3 cxd4 18. Bxd4 Rac8 19. Rc1 Red8 20. Bc3 Nxe5 21.
Bxe5 Bd6 22. f4 Nd7 23. Bxd6 Qxd6 24. Qe3 Nc5 25. Ne2 Qc6 26. Nc3 Nd3 27. Rcd1
Qxc4 28. g3 b5 29. Qe4 Rd4 30. Qe2 Nxb2 31. Qxb2 Rxd1+ 32. Rxd1 Qxc3 33. Rd8+
Kh7 34. Rxc8 Qxc8 35. Qxb5 Qd8 36. Kc2 Qd4 37. Qe8 Qe4+ 38. Kb2 Qf5 39. Qd7 a5
40. Qd1 Qe4 41. Qd2 Qf5 42. Qe2 g6 43. hxg6+ Kxg6 44. Qd2 Qb5+ 45. Kc2 Qd5 46.
Qc3 Qxa2+ 47. Kc1 Qd5 48. Qh8 Qf5 49. Qg8+ Kf6 50. Qh8+ Kg6 51. Qg8+ Kh5 52. Qd8
Qc5+ 53. Kb2 Qf2+ 54. Kb1 Qxg3 55. Qxa5+ Kg4 56. Qe5 Qxf4 57. Qe2+ Kf5 58. Qh5+
Kf6 59. Ka2 e5 0-1

[Event "Unive Open"]
[Site "Hoogeveen NED"]
[Date "2010.10.29"]
[Round "8"]
[White "Van Apeldoorn, Janton"]
[Black "Klapwijk, Bram"]
[Result "1/2-1/2"]
[WhiteTitle "CM"]
[WhiteElo "2164"]
[BlackElo "2022"]
[WhiteFideId "1013831"]
[BlackFideId "1009133"]
[EventDate "2010.10.22"]

1. e4 c5 2. Nf3 e6 3. c4 Nc6 4. d4 cxd4 5. Nxd4 Nf6 6. Nc3 d6 7. Be2 Be7 8. Be3
O-O 9. O-O Bd7 10. Rc1 Nxd4 11. Qxd4 e5 12. Qd2 Ng4 13. Bxg4 Bxg4 14. Nd5 b6 15.
Rc3 Be6 16. Rfc1 Re8 17. b4 Rc8 18. a4 Bf8 19. b5 f5 20. exf5 Bxf5 21. a5 bxa5
22. Bxa7 Ra8 23. Be3 Be6 24. Ra3 a4 25. Nb6 d5 26. c5 Qxb6 27. cxb6 Bxa3 28. Ra1
Bf8 29. b7 Rab8 30. Rxa4 d4 31. Bg5 Rxb7 32. Qb2 Reb8 33. Ra5 Bc4 34. h4 h6 35.
Bd2 Rxb5 36. Rxb5 Rxb5 37. Qc2 Bf7 38. f4 exf4 39. Bxf4 Rd5 40. Qd3 1/2-1/2

[Event "Unive Open"]
[Site "Hoogeveen NED"]
[Date "2010.10.30"]
[Round "9"]
[White "Kempinski, Robert"]
[Black "L'Ami, Erwin"]
[Result "0-1"]
[WhiteTitle "GM"]
[BlackTitle "GM"]
[WhiteElo "2615"]
[BlackElo "2624"]
[WhiteFideId "1105663"]
[BlackFideId "1007998"]
[EventDate "2010.10.22"]

1. d4 Nf6 2. c4 e6 3. Nf3 d5 4. Nc3 Nbd7 5. e3 Be7 6. Bd3 O-O 7. O-O b6 8. e4
dxe4 9. Nxe4 Bb7 10. Qe2 c5 11. dxc5 Nxe4 12. Bxe4 Bxe4 13. Qxe4 Nxc5 14. Qe2
Qd3 15. Re1 Rfd8 16. Be3 Bf6 17. Bxc5 bxc5 18. Qxd3 Rxd3 19. Rab1 Rb8 20. b3
Rbd8 21. Kf1 g5 22. h3 h5 23. Rbc1 a5 24. Re3 Rxe3 25. fxe3 g4 26. hxg4 hxg4 27.
Ne1 Bh4 28. Ke2 Bxe1 29. Rxe1 f5 30. Rb1 Kf7 31. a3 Rb8 32. Kd3 Kf6 33. Kc3 Ke5
34. b4 Ke4 35. b5 Kxe3 36. Re1+ Kf2 37. Rxe6 Rf8 38. b6 f4 39. b7 f3 40. gxf3 g3
41. Rc6 g2 42. Rc8 g1=Q 43. b8=Q Qc1+ 44. Kd3 Rxf3+ 45. Ke4 Qxc4+ 46. Ke5 Qd4+
47. Ke6 Re3+ 0-1

[Event "Unive Open"]
[Site "Hoogeveen NED"]
[Date "2010.10.30"]
[Round "9"]
[White "Rombaldoni, Axel"]
[Black "Vocaturo, Daniele"]
[Result "0-1"]
[WhiteTitle "IM"]
[BlackTitle "GM"]
[WhiteElo "2453"]
[BlackElo "2581"]
[WhiteFideId "815837"]
[BlackFideId "813192"]
[EventDate "2010.10.22"]

1. e4 c5 2. Nf3 d6 3. d4 cxd4 4. Nxd4 Nf6 5. Nc3 a6 6. h3 e6 7. g4 d5 8. exd5
Nxd5 9. Ne4 Qc7 10. c3 Be7 11. Qf3 Bd7 12. Bg2 Nc6 13. Ne2 Ne5 14. Qg3 Bb5 15.
Nd4 Nd3+ 16. Kf1 Nxc1+ 17. Nxb5 Qc4+ 18. Kg1 Ne2+ 19. Kh2 0-1

[Event "Unive Open"]
[Site "Hoogeveen NED"]
[Date "2010.10.30"]
[Round "9"]
[White "Ikonnikov, Vyacheslav"]
[Black "Haslinger, Stewart G"]
[Result "1-0"]
[WhiteTitle "GM"]
[BlackTitle "GM"]
[WhiteElo "2571"]
[BlackElo "2543"]
[WhiteFideId "4100972"]
[BlackFideId "405248"]
[EventDate "2010.10.22"]

1. d4 d5 2. Nf3 Nf6 3. c4 c6 4. Nc3 a6 5. a4 e6 6. Bg5 Nbd7 7. cxd5 exd5 8. e3
Be7 9. Bd3 a5 10. Qc2 O-O 11. O-O Re8 12. h3 Nf8 13. Rab1 Be6 14. Bxf6 Bxf6 15.
b4 axb4 16. Rxb4 Ra7 17. Rfb1 Qa8 18. Bf5 Bd8 19. R4b3 Ba5 20. Bxe6 Rxe6 21. Ne5
f6 22. Nd3 Re7 23. Nc5 Ne6 24. Ne2 Bd8 25. Nxe6 Rxe6 26. Ng3 Re7 27. e4 Bc7 28.
Qc5 Rd7 29. exd5 Rxd5 30. Qe7 Bd6 31. Qe6+ Kf8 32. Re1 Bxg3 33. Qe7+ Kg8 34.
Rxg3 Qf8 35. Qc7 Rg5 36. Rxg5 fxg5 37. Qb6 Ra8 38. Qxb7 Qc8 39. Qxc8+ Rxc8 40.
a5 Kf7 41. Kf1 Rd8 42. Rc1 Rxd4 43. Rxc6 Ra4 44. a6 Ra2 45. Rc7+ Kf6 46. a7 h5
47. Ke1 h4 48. Kd1 g6 49. Kc1 Ke5 50. Kb1 Ra6 51. Kb2 Kd5 52. Kb3 Ra1 53. Kb4
Kd6 54. Rg7 Rb1+ 55. Kc4 Rc1+ 56. Kb5 Rb1+ 57. Ka6 1-0

[Event "Unive Open"]
[Site "Hoogeveen NED"]
[Date "2010.10.30"]
[Round "9"]
[White "Ulibin, Mikhail"]
[Black "Dvirnyy, Daniyyl"]
[Result "1/2-1/2"]
[WhiteTitle "GM"]
[BlackTitle "IM"]
[WhiteElo "2544"]
[BlackElo "2481"]
[WhiteFideId "4101405"]
[BlackFideId "817570"]
[EventDate "2010.10.22"]

1. e4 g6 2. d4 Bg7 3. Nc3 c6 4. Bc4 d6 5. Nf3 Nf6 6. Bb3 O-O 7. h3 a5 8. a4 Qc7
9. e5 dxe5 10. Nxe5 Nfd7 11. f4 Qb6 12. Ne4 Nxe5 13. fxe5 Bf5 14. Ng5 c5 15. O-O
cxd4 16. Bxf7+ Rxf7 17. Nxf7 Kxf7 18. g4 d3+ 19. Kh1 Qc6+ 20. Qf3 dxc2 21. gxf5
gxf5 22. Ra3 Bxe5 23. Rf2 Qxf3+ 24. Raxf3 Nc6 25. Rxf5+ Ke6 26. Rxe5+ Kxe5 27.
Rxc2 Rg8 28. Rc5+ Ke4 29. Rb5 Nd4 30. Rxb7 e5 31. Bh6 Rg6 32. Bf8 Ne6 33. Ba3
Kf3 34. b4 axb4 35. Bxb4 Rh6 36. a5 Nf4 37. Rf7 Rxh3+ 38. Kg1 Rh6 39. Bd2 Rg6+
40. Kf1 h5 41. Rb7 Nd5 42. Rb3+ Kg4 43. Ra3 Nc7 44. Ra4+ Kf3 1/2-1/2

[Event "Unive Open"]
[Site "Hoogeveen NED"]
[Date "2010.10.30"]
[Round "9"]
[White "Bonafede, Alessandro"]
[Black "Nyzhnyk, Illya"]
[Result "1-0"]
[WhiteTitle "FM"]
[BlackTitle "IM"]
[WhiteElo "2280"]
[BlackElo "2538"]
[WhiteFideId "813826"]
[BlackFideId "14118084"]
[EventDate "2010.10.22"]

1. e4 c5 2. b4 cxb4 3. a3 bxa3 4. Nxa3 d6 5. d4 Nf6 6. Bd3 g6 7. Ne2 Bg7 8. O-O
O-O 9. c3 Nbd7 10. f4 Nb6 11. Ng3 e5 12. f5 Nfd7 13. Be3 d5 14. Qb3 Qh4 15. Be2
dxe4 16. Nb5 exd4 17. cxd4 Qe7 18. Rxa7 Rxa7 19. Nxa7 Qd6 20. fxg6 hxg6 21. Nxc8
Nxc8 22. Nxe4 Qb6 23. Qd5 Nf6 24. Nxf6+ Bxf6 25. Bc4 Ne7 26. Qc5 Qxc5 27. dxc5
Nf5 28. Bf2 Bd4 29. Rb1 Rc8 30. Rxb7 Rxc5 31. Bxf7+ Kg7 32. Bxd4+ Nxd4 33. h3
Kf6 34. Kh2 Rc2 35. Be8 g5 36. Bh5 Ne2 37. Rf7+ Ke6 38. Rf2 Nd4 39. Rf1 Rd2 40.
Bg6 Ne2 41. Rf2 g4 42. Bf5+ 1-0

[Event "Unive Open"]
[Site "Hoogeveen NED"]
[Date "2010.10.30"]
[Round "9"]
[White "Saravanan, V."]
[Black "Naroditsky, Daniel"]
[Result "1/2-1/2"]
[WhiteTitle "IM"]
[BlackTitle "FM"]
[WhiteElo "2408"]
[BlackElo "2425"]
[WhiteFideId "5000580"]
[BlackFideId "2026961"]
[EventDate "2010.10.22"]

1. Nf3 Nf6 2. c4 g6 3. Nc3 Bg7 4. e4 d6 5. d4 O-O 6. Be2 e5 7. Be3 Nbd7 8. O-O
Re8 9. d5 Nh5 10. g3 Bf8 11. Nd2 Ng7 12. g4 Be7 13. f3 Bg5 14. Bf2 Bh4 15. Qe1
Bxf2+ 16. Qxf2 a5 17. Kh1 Nc5 18. f4 exf4 19. Qxf4 Qe7 20. Rf2 Bd7 21. Raf1 Rf8
22. h4 Rae8 23. h5 g5 24. Qe3 h6 25. Rf6 Kh7 26. Qf2 b6 27. Rxf7 Rxf7 28. Qxf7
Qxf7 29. Rxf7 Kg8 30. Rf6 Kh7 31. Nb3 Nxb3 32. axb3 Re7 33. Kg2 Ne8 34. Rg6 Rg7
35. Rxg7+ Kxg7 36. Nd1 Nf6 37. Nf2 Bc8 38. Kf3 Nd7 39. Ke3 Kf6 40. Kd4 Ne5 41.
Bd1 Bd7 42. Kc3 Nf7 43. Kd4 Ne5 44. Be2 Bc8 45. Kc3 Nd7 46. Kd4 1/2-1/2

[Event "Unive Open"]
[Site "Hoogeveen NED"]
[Date "2010.10.30"]
[Round "9"]
[White "Ris, Robert"]
[Black "Moskalenko, Viktor"]
[Result "1/2-1/2"]
[WhiteTitle "IM"]
[BlackTitle "GM"]
[WhiteElo "2416"]
[BlackElo "2580"]
[WhiteFideId "1011480"]
[BlackFideId "14100100"]
[EventDate "2010.10.22"]

1. d4 f5 2. g3 Nf6 3. Bg2 e6 4. c4 d5 5. Nf3 c6 6. O-O Bd6 7. Nc3 O-O 8. Qc2 Ne4
9. Rb1 Nd7 10. b4 Ndf6 11. b5 Nxc3 12. Qxc3 Bd7 13. bxc6 Bxc6 14. c5 Bc7 15. Bf4
Bxf4 16. gxf4 Qc7 17. e3 h6 18. Ne5 Nd7 19. Nxc6 bxc6 20. Rb3 Rfb8 21. Rfb1 g5
22. fxg5 hxg5 23. Bf1 Rxb3 24. Rxb3 Kf7 25. Qb2 Rb8 26. Rxb8 Qxb8 27. Qxb8 Nxb8
28. f4 g4 29. Kg2 Ke7 30. h3 gxh3+ 31. Kxh3 Nd7 32. Kg3 Nf6 33. Bd3 Kd7 1/2-1/2

[Event "Unive Open"]
[Site "Hoogeveen NED"]
[Date "2010.10.30"]
[Round "9"]
[White "Ducarmon, Quinten"]
[Black "Sengupta, Deep"]
[Result "0-1"]
[BlackTitle "GM"]
[WhiteElo "2243"]
[BlackElo "2558"]
[WhiteFideId "1025007"]
[BlackFideId "5008352"]
[EventDate "2010.10.22"]

1. e4 e6 2. d4 d5 3. Nc3 Bb4 4. e5 c5 5. a3 Bxc3+ 6. bxc3 Ne7 7. a4 Qc7 8. Nf3
Bd7 9. Bd3 h6 10. O-O c4 11. Be2 Na6 12. Ba3 Bc6 13. Re1 Qd7 14. Qb1 O-O-O 15.
Bf1 Kb8 16. Qb2 Nc8 17. a5 g5 18. g3 Rdg8 19. Bg2 Ka8 20. Rab1 Qc7 21. Nd2 g4
22. Rf1 h5 23. f4 h4 24. f5 hxg3 25. hxg3 f6 26. fxe6 fxe5 27. Rf7 Qb8 28. dxe5
Qxe5 29. Nf1 Nd6 30. Rd7 Ne4 31. Rxb7 Rb8 32. Rxb8+ Rxb8 33. Qc1 Rxb1 34. Qxb1
Nxc3 35. Bb2 Ne2+ 36. Kf2 c3 37. Bc1 Nd4 38. Be3 Qf6+ 39. Bf4 Nxe6 40. Qc1 Nb4
41. a6 Nxa6 42. Qe3 Nb4 43. Qe5 Qxe5 44. Bxe5 d4 0-1

[Event "Unive Open"]
[Site "Hoogeveen NED"]
[Date "2010.10.30"]
[Round "9"]
[White "Stella, Andrea"]
[Black "Pavlovic, Milos"]
[Result "1/2-1/2"]
[WhiteTitle "FM"]
[BlackTitle "GM"]
[WhiteElo "2334"]
[BlackElo "2531"]
[WhiteFideId "827061"]
[BlackFideId "900389"]
[EventDate "2010.10.22"]

1. Nf3 Nf6 2. c4 g6 3. Nc3 Bg7 4. e4 d6 5. d4 O-O 6. Be2 e5 7. dxe5 dxe5 8. Qxd8
Rxd8 9. Bg5 c6 10. Nxe5 Re8 11. O-O-O Na6 12. f4 h6 13. Bxf6 Bxf6 14. Bf3 Bxe5
15. fxe5 Kf8 16. Rd6 Rxe5 17. Rhd1 Ke7 18. Rd8 Rb8 19. b3 Be6 20. Rxb8 Nxb8 21.
Ne2 g5 22. h3 Nd7 23. Kc2 a5 24. Nc1 a4 25. Nd3 Ra5 26. Kb2 Ra8 27. Re1 axb3 28.
axb3 Ra5 29. Kc3 b5 30. cxb5 cxb5 31. Kb4 Ra2 32. Re2 Ra1 33. Kxb5 Bxb3 34. Kb4
Be6 35. Re1 Ra2 36. Re2 Ra7 37. Nc5 Nxc5 38. Kxc5 Ra3 39. Kd4 Bxh3 40. Rb2 Be6
41. e5 h5 42. Rb7+ Kf8 43. Bxh5 g4 44. Rb8+ Kg7 45. Rb7 Ra4+ 46. Ke3 Ra1 47. Rb4
Re1+ 48. Kf2 Rxe5 49. Bxg4 1/2-1/2

[Event "Unive Open"]
[Site "Hoogeveen NED"]
[Date "2010.10.30"]
[Round "9"]
[White "Matsenko, Sergei"]
[Black "Tondivar, Babak"]
[Result "1/2-1/2"]
[WhiteTitle "IM"]
[BlackTitle "FM"]
[WhiteElo "2461"]
[BlackElo "2302"]
[WhiteFideId "4170083"]
[BlackFideId "12501239"]
[EventDate "2010.10.22"]

1. e4 c6 2. d4 d5 3. e5 Bf5 4. Nf3 e6 5. Be2 c5 6. Be3 cxd4 7. Nxd4 Ne7 8. Nd2
Nbc6 9. N2f3 Be4 10. O-O Ng6 11. c4 Be7 12. Nxc6 bxc6 13. Nd2 Nxe5 14. f4 Nd7
15. Nxe4 dxe4 16. Qd4 Bc5 17. Qxe4 Qb6 18. Bxc5 Qxc5+ 19. Kh1 Nf6 20. Qf3 O-O
21. Rad1 a5 22. g4 Rfd8 23. g5 Ne8 24. Bd3 Nd6 25. b3 a4 26. Bc2 axb3 27. axb3
g6 28. Qf2 Qb4 29. Qd2 Qb6 30. Qc3 c5 31. Kg1 Nf5 32. Bxf5 exf5 33. Rfe1 Rxd1
34. Rxd1 Re8 35. Re1 Rxe1+ 36. Qxe1 Qxb3 37. Qe8+ Kg7 38. Qe5+ Kg8 39. Qxc5 Qd1+
40. Kf2 Qd2+ 41. Kf3 Qd3+ 1/2-1/2

[Event "Unive Open"]
[Site "Hoogeveen NED"]
[Date "2010.10.30"]
[Round "9"]
[White "Slingerland, Fred"]
[Black "Caspi, Israel"]
[Result "0-1"]
[WhiteTitle "IM"]
[BlackTitle "IM"]
[WhiteElo "2411"]
[BlackElo "2457"]
[WhiteFideId "1002473"]
[BlackFideId "2807394"]
[EventDate "2010.10.22"]

1. e4 d5 2. exd5 Qxd5 3. Nf3 Bg4 4. Nc3 Qe6+ 5. Qe2 Qxe2+ 6. Bxe2 c6 7. h3 Bh5
8. d3 Nd7 9. g4 Bg6 10. Nh4 e6 11. Be3 Be7 12. Nxg6 hxg6 13. O-O-O Ngf6 14. Bf3
Nb6 15. Bg2 Nfd5 16. Bd2 Nxc3 17. Bxc3 Bg5+ 18. Kb1 Rh7 19. Rdf1 Bf4 20. h4 Ke7
21. Be4 Nd5 22. Bd4 Nf6 23. Bf3 a6 24. h5 gxh5 25. gxh5 Rd8 26. Bc5+ Bd6 27. Be3
Kd7 28. Rfg1 Rdh8 29. Rg5 Be7 30. Bd4 Ne4 31. Bxe4 Bxg5 32. Bxh7 Rxh7 33. Rg1 f6
34. a4 Rxh5 35. Be3 Kd6 36. Rg4 Bxe3 37. fxe3 g5 38. Rd4+ Kc7 39. Kc1 Rh4 40. e4
e5 41. Rc4 g4 42. Kd2 g3 43. Ke2 Rf4 0-1

[Event "Unive Open"]
[Site "Hoogeveen NED"]
[Date "2010.10.30"]
[Round "9"]
[White "Vedder, Henk"]
[Black "Okkes, Menno"]
[Result "1/2-1/2"]
[BlackTitle "FM"]
[WhiteElo "2372"]
[BlackElo "2378"]
[WhiteFideId "1002872"]
[BlackFideId "1000756"]
[EventDate "2010.10.22"]

1. e4 c5 2. Nf3 Nc6 3. Bb5 Nf6 4. Bxc6 dxc6 5. d3 Bg4 6. h3 Bh5 7. b3 Nd7 8. Bb2
f6 9. Nbd2 e5 10. O-O Qc7 11. Nc4 Be7 12. Ne3 Nf8 13. Nf5 Ne6 14. Ng3 Bf7 15.
Nd2 h5 16. Nc4 g6 17. Qd2 Nf4 18. Ne2 g5 19. Ng3 Ne6 20. Ne3 Ng7 21. Ngf5 Nxf5
22. Nxf5 Bg6 23. Nxe7 Qxe7 24. a4 a5 25. Qe3 Bf7 26. h4 O-O-O 27. hxg5 fxg5 28.
Qh3+ Kb8 29. Qf5 Rde8 30. Bxe5+ Qxe5 31. Qxf7 Ref8 32. Qd7 g4 33. Rad1 Qf4 34.
g3 Qh6 35. Qe7 Re8 36. Qh4 Rhf8 37. Rfe1 Qg7 38. Re2 Ka7 39. Rde1 Qe5 40. Re3
Rf7 41. R1e2 Kb6 42. Rd2 Ref8 43. Ree2 Re8 44. Kg2 Rh8 45. Rd1 Rhf8 46. Rdd2 Rh8
47. Rd1 Rhf8 1/2-1/2

[Event "Unive Open"]
[Site "Hoogeveen NED"]
[Date "2010.10.30"]
[Round "9"]
[White "L'Ami, Alina"]
[Black "Bijlsma, Nick"]
[Result "1-0"]
[WhiteTitle "WGM"]
[WhiteElo "2339"]
[BlackElo "2138"]
[WhiteFideId "1210246"]
[BlackFideId "1007041"]
[EventDate "2010.10.22"]

1. d4 Nf6 2. c4 g6 3. Nc3 d5 4. Bf4 Bg7 5. e3 O-O 6. Rc1 c5 7. dxc5 Be6 8. Nf3
Qa5 9. Ng5 Qxc5 10. Nxe6 fxe6 11. cxd5 Nxd5 12. Nxd5 Qxd5 13. Bc4 Qxd1+ 14. Rxd1
Kf7 15. Ke2 Rc8 16. b3 Nc6 17. h4 Ne5 18. Bxe5 Bxe5 19. f4 Bd6 20. h5 Kg7 21.
Bxe6 Rc2+ 22. Kf3 Rxa2 23. h6+ Kf6 24. Bc4 g5 25. Rd5 gxf4 26. Rhh5 fxe3 27.
Rdf5+ Kg6 28. Bf7# 1-0

[Event "Unive Open"]
[Site "Hoogeveen NED"]
[Date "2010.10.30"]
[Round "9"]
[White "Stavast, Dick"]
[Black "Goudriaan, Etienne"]
[Result "1/2-1/2"]
[WhiteElo "2048"]
[BlackElo "2253"]
[WhiteFideId "1014005"]
[BlackFideId "1021150"]
[EventDate "2010.10.22"]

1. Nf3 d5 2. d4 Nf6 3. Bg5 Nbd7 4. e3 e6 5. Bd3 Be7 6. Nbd2 h6 7. Bh4 b6 8. O-O
Bb7 9. c3 Ne4 10. Bxe7 Qxe7 11. Bb5 c6 12. Bd3 f5 13. Ne5 Nxe5 14. dxe5 O-O 15.
f4 a5 16. Bxe4 dxe4 17. Nc4 Ba6 18. Nxb6 Rab8 19. Qd7 Rf7 20. Qxc6 Qa7 21. Nc4
Rc8 22. Qxe6 Rxc4 23. Rfd1 Rc8 24. Rd6 Ra8 25. Kf2 Bd3 26. Rd1 Rb8 27. Rd2 Kh8
28. Qd5 a4 29. e6 Re7 30. Qxf5 a3 31. b3 Qc5 32. Qe5 Ree8 33. c4 Red8 34. Rxd8+
Rxd8 35. g3 Qe7 36. f5 Qg5 37. Kg2 Qxe3 38. Qf4 Qe1 39. f6 Bf1+ 40. Qxf1 Qxd2+
41. Kh1 Qg5 42. f7 Rf8 43. Qf4 Qe7 44. Qe5 Rxf7 45. exf7 Qxe5 46. f8=Q+ Kh7 47.
Qf4 Qa1+ 48. Kg2 Qxa2+ 49. Kh3 Qc2 50. Qf5+ Kg8 1/2-1/2

[Event "Unive Open"]
[Site "Hoogeveen NED"]
[Date "2010.10.30"]
[Round "9"]
[White "Mellema, Andries"]
[Black "Bezemer, Arno"]
[Result "0-1"]
[BlackTitle "FM"]
[WhiteElo "2153"]
[BlackElo "2318"]
[WhiteFideId "1011464"]
[BlackFideId "1001396"]
[EventDate "2010.10.22"]

1. e4 c5 2. Nf3 d6 3. d4 cxd4 4. Nxd4 Nf6 5. Nc3 a6 6. h3 e5 7. Nde2 h5 8. Bg5
Be7 9. Qd2 Be6 10. O-O-O Nbd7 11. Kb1 b5 12. a3 Rb8 13. f4 Qc7 14. Bxf6 Nxf6 15.
Nd5 Bxd5 16. exd5 Qc5 17. b4 Qa7 18. Nc3 exf4 19. Bd3 O-O 20. Qxf4 Rbc8 21. Ne4
Nxd5 22. Qf5 Nc3+ 23. Nxc3 g6 24. Qd5 Rxc3 25. Bxg6 Bf6 26. Rhf1 Be5 27. Rf5
Rxa3 28. Rxe5 dxe5 29. Bxh5 Qe7 30. Qe4 Rc3 31. Be2 f5 32. Qd5+ Kh8 33. Kc1 Rfc8
34. Rd2 Rg3 35. Bd3 Rf8 36. Rf2 Qg5+ 37. Kb1 Re3 38. Qd6 Rd8 39. Rxf5 Re1+ 0-1

[Event "Unive Open"]
[Site "Hoogeveen NED"]
[Date "2010.10.30"]
[Round "9"]
[White "De Jong, Migchiel"]
[Black "Hovenga, Alje"]
[Result "0-1"]
[WhiteTitle "FM"]
[WhiteElo "2397"]
[BlackElo "2176"]
[WhiteFideId "1002848"]
[BlackFideId "1005812"]
[EventDate "2010.10.22"]

1. e4 c6 2. d4 d5 3. e5 c5 4. dxc5 Nc6 5. Bb5 e6 6. Be3 Ne7 7. c3 Bd7 8. Bxc6
Nxc6 9. f4 g5 10. fxg5 h6 11. Nf3 hxg5 12. Bxg5 Be7 13. Bxe7 Qxe7 14. Nbd2 Qxc5
15. Nb3 Qe3+ 16. Qe2 Qf4 17. Nc5 b6 18. g3 Qxg3+ 19. hxg3 Rxh1+ 20. Kd2 Rxa1 21.
Nb7 Ke7 22. Qh2 Be8 23. Qh4+ Kd7 24. Qa4 Kc7 25. Nd6 Bd7 26. Qa6 Na5 27. b4 Nc4+
28. Nxc4 dxc4 29. Qxc4+ Kb7 30. b5 Rc8 31. Qa4 Rc5 32. c4 Rf1 33. Qb3 Rf2+ 34.
Ke3 Rg2 35. Qd3 Rc7 36. Qe4+ Kb8 37. Nd4 Rxa2 38. Qh4 Ra3+ 39. Kf4 Rc3 40. Qd8+
Kb7 41. g4 R3xc4 42. Ke3 R4c5 43. Qf6 Bxb5 44. g5 Rc3+ 45. Kf2 Bc4 46. g6 fxg6
47. Nxe6 Bxe6 48. Qxe6 Rg7 49. Qd5+ Rc6 50. Kg3 Re7 51. Kf4 Kc7 52. Qa2 a5 53.
Qd5 Rce6 54. Qa8 Rxe5 55. Qa7+ Kc6 56. Qa6 Rf5+ 57. Kg4 Re4+ 58. Kg3 Rfe5 59.
Qa8+ Kb5 60. Qb7 Rd4 61. Kf3 Rc5 62. Qe7 a4 63. Qe8+ Kb4 64. Qxg6 Rc3+ 65. Ke2
b5 66. Qb1+ Ka5 67. Qg1 Rdc4 68. Qa7+ Kb4 69. Qe7+ Kb3 70. Qh7 Rc2+ 71. Kd1 b4
72. Qd3+ R4c3 73. Qd5+ Ka3 74. Qd6 Rb2 75. Qd7 Rcc2 76. Qe7 Ka2 0-1